Společenské aspekty komunikace odborných informací

Gespeichert in:
Bibliographische Detailangaben
1. Verfasser: Merta, Augustin
Format: Buch
Sprache:Tschechisch
Veröffentlicht: Praha Ústředí vědeckých, technických a ekonomických informací 1970
Tags: Tag hinzufügen
Keine Tags, Fügen Sie das erste Tag hinzu!

MARC

LEADER 00000nam a2200000 4500
001 c111325
005 20251204130839.3
041 0 |a cze 
044 |a CZ 
245 1 0 |a Společenské aspekty komunikace odborných informací  |c Augustin Merta 
264 1 |a Praha  |b Ústředí vědeckých, technických a ekonomických informací  |c 1970 
300 |a 209 s. 
100 1 |a Merta, Augustin